| 000 | 00977cam a22003015a 4500 | ||
|---|---|---|---|
| 001 | 016385519 | ||
| 003 | OSt | ||
| 005 | 20170220111615.0 | ||
| 008 | 130424t2014 paua frb 001 0 eng d | ||
| 020 | _a9781451175356 (pbk.) | ||
| 020 | _a1451175353 (pbk.) | ||
| 040 |
_aStDuBDS _beng _cStDuBDS _dEG-ScBUE |
||
| 082 | 0 | 4 |
_a615.1076 _bROS _222 |
| 100 | 1 |
_aRosenfeld, Gary C. _939477 |
|
| 245 | 1 | 0 |
_aPharmacology / _cGary C. Rosenfeld, David S. Loose. |
| 250 | _a6th ed. | ||
| 260 |
_aPhiladelphia : _bWolters Kluwer Health / Lippincott Williams & Wilkins, _cc.2014. |
||
| 300 |
_ax, 376 p. : _bill. ; _c25 cm. |
||
| 490 | 0 | _aBoard review series | |
| 500 | _aPrevious edition : 2010. | ||
| 500 | _aIndex : p. 353-376. | ||
| 504 | _aIncludes bibliographical references. | ||
| 650 | 7 |
_aPharmacology _vExaminations, questions, etc. _2BUEsh _936103 |
|
| 653 |
_bPPhrm _cMarch2016 _cFebruary2017 |
||
| 655 |
_vReading book _934232 |
||
| 700 | 1 | _aLoose, David S. | |
| 942 | _2ddc | ||
| 999 |
_c21312 _d21284 |
||